| 000 | 01307nam a2200193 i 4500 | ||
|---|---|---|---|
| 001 | 768714001 | ||
| 003 | CO-MdFUSB | ||
| 005 | 20220727145922.0 | ||
| 008 | 220727t1984 ck |||| |||| 00| 0 spa d | ||
| 040 |
_bspa _cCO-MdFUSB _dCO-MdFUSB |
||
| 041 | _aspa | ||
| 100 |
_aCamus, Albert, _eautor |
||
| 245 |
_aLa muerte feliz _c/ Albert Camus |
||
| 300 |
_aVolumen 14, (1984) páginas 543 - 636 ; _c22 cm ; |
||
| 520 | _aInundada de la luz ardiente y de los colores y olores de la juventud de Albert Camus (1913-1960) y nutrida ya de buena parte de las claves de su mundo, así como muchos de los temas, sensaciones e inquietudes que impregnan toda su obra, La muerte feliz es una novela en la que Mersault, en quien laten numerosas vivencias de su joven autor, busca la felicidad hasta sus últimas consecuencias. Si" El primer hombre" reúne o compendia la infancia del Camus, en" La muerte feliz" , escrita entre 1936 y 1938 y publicada póstumamente en 1971, hallamos el vigoroso impulso de su juventud, y en Mersault, su protagonista, no una primera versión del protagonista de" El extranjero" , sino su antecedente necesario. | ||
| 650 | 7 |
_92654 _aLiteratura francesa |
|
| 773 | 0 |
_067924 _981153 _aOveja Negra, _o24703 _tMaestros de la literatura universal _w(CO-MdFUSB)768714001 _z8482806718 |
|
| 942 | _cBK | ||
| 999 |
_c68021 _d68021 |
||